| 000 | 00663nam a2200277Ia 4500 | ||
|---|---|---|---|
| 008 | 210210b2016 xxu||||| |||| 00| 0 eng d | ||
| 020 | _a9789048124879 | ||
| 041 | _aeng | ||
| 082 | _a589.45 JHAS | ||
| 100 | _aJHA (Bhavanath) | ||
| 245 | _aSeaweeds of India: the diversity and distribution of seaweeds of the Gujarat coast | ||
| 260 |
_aLondon _bSpringer _c2016 |
||
| 300 | _axi,215 | ||
| 650 | _athe | ||
| 650 | _aSeaweeds | ||
| 650 | _aof | ||
| 650 | _aIndia: | ||
| 650 | _aGujarat | ||
| 650 | _adiversity | ||
| 650 | _adistribution | ||
| 650 | _acoast | ||
| 650 | _aand | ||
| 690 | _aAlgae | ||
| 700 | _aREDDY (C R K) | ||
| 906 | _a071304 | ||
| 999 |
_c120654 _d120654 |
||